Normal view
MARC view
Entry Personal Name
001 - CONTROL NUMBER
- control field: 78797
003 - CONTROL NUMBER IDENTIFIER
- control field: dpl
005 - DATE AND TIME OF LATEST TRANSACTION
- control field: 20250227165654.0
008 - FIXED-LENGTH DATA ELEMENTS
- fixed length control field: 250227|| aca||aabn | a|a d
040 ## - CATALOGING SOURCE
- Original cataloging agency: dpl
- Transcribing agency: dpl
100 ## - HEADING--PERSONAL NAME
- Personal name: मोनिका कुमारी
670 ## - SOURCE DATA FOUND
- Source citation: Work cat.: (dpl)209675: मोनिका कुमारी, भारतीय सन्तों की जयन्तियाँ /, 2022
